Biomedical ethics

Đã lưu trong:
書目詳細資料
格式: Sách
語言:Undetermined
出版:  McGraw-Hill  2006
主題:
標簽: 添加標簽
沒有標簽, 成為第一個標記此記錄!
Thư viện lưu trữ: Trung tâm Thư viện - Trường Đại học Công nghiệp TP. Hồ Chí Minh
LEADER 00422nam a2200133Ia 4500
001 UIH_05267
008 231011s9999 xx 000 0 und d
082 |a  174.2 
245 0 |a  Biomedical ethics 
260 |b  McGraw-Hill 
260 |c  2006 
650 |a  Đạo đức y học; Đạo đức sinh học;  
927 |a Sách 
980 |a Trung tâm Thư viện - Trường Đại học Công nghiệp TP. Hồ Chí Minh